|
|
|
|
| LEADER |
00000nam0a2200000 4500 |
| 001 |
296971 |
| 005 |
20231102000948.0 |
| 010 |
|
|
|a 9785991204989
|
| 035 |
|
|
|a (RuTPU)RU\TPU\book\322091
|
| 090 |
|
|
|a 296971
|
| 100 |
|
|
|a 20150604d2015 m y0rusy50 ca
|
| 101 |
0 |
|
|a rus
|
| 102 |
|
|
|a RU
|
| 105 |
|
|
|a a j 001zy
|
| 200 |
1 |
|
|a Основы синтеза цепей
|e учебное пособие
|f В. П. Бакалов [и др.]
|
| 210 |
|
|
|a Москва
|c Горячая линия-Телеком
|d 2015
|
| 215 |
|
|
|a 358 с.
|c ил.
|
| 225 |
1 |
|
|a Учебное пособие для высших учебных заведений
|
| 225 |
1 |
|
|a Специальность
|
| 320 |
|
|
|a Предметный указатель: с. 347-348.
|
| 320 |
|
|
|a Библиография: с. 349-350.
|
| 330 |
|
|
|a В пособии, предназначенном для самостоятельного изучения основных разделов теории электрических цепей, изложены основы синтеза двухполюсных и четырехполюсных линейных и нелинейных электрических цепей, аналоговых фильтров, амплитудных, фазовых и гармонических корректоров, дискретных и цифровых фильтров и оптимизация электрических цепей. Изложенная теория проиллюстрирована многочисленными примерами, позволяющими лучше усвоить теоретический материал при самостоятельном изучении этой дисциплины. В конце каждой главы приведены основные результаты и выводы, вопросы для самоконтроля и задачи для самостоятельного решения, ответы на которые представлены в конце книги. Пособие может быть использовано как при традиционных, так и дистанционных технологиях обучения.
|
| 606 |
1 |
|
|a Электрические цепи
|x Синтез
|2 stltpush
|3 (RuTPU)RU\TPU\subj\27744
|9 51446
|
| 610 |
1 |
|
|a двухполюсные цепи
|
| 610 |
1 |
|
|a четырехполюсные цепи
|
| 610 |
1 |
|
|a нелинейные электрические цепи
|
| 610 |
1 |
|
|a аналоговые фильтры
|
| 610 |
1 |
|
|a корректирующие цепи
|
| 610 |
1 |
|
|a дискретные цепи
|
| 610 |
1 |
|
|a цифровые фильтры
|
| 610 |
1 |
|
|a оптимизация
|
| 610 |
1 |
|
|a учебные пособия
|
| 675 |
|
|
|a 621.3.011.7(075.8)
|v 3
|
| 701 |
|
1 |
|a Бакалов
|b В. П.
|g Валерий Пантелеевич
|
| 701 |
|
1 |
|a Воробиенко
|b П. П.
|g Петр Петрович
|
| 701 |
|
1 |
|a Крук
|b Б. И.
|g Борис Иванович
|
| 701 |
|
1 |
|a Субботин
|b Е. А.
|g Евгений Андреевич
|
| 702 |
|
1 |
|a Бакалов
|b В. П.
|g Валерий Пантелеевич
|4 340
|
| 801 |
|
1 |
|a RU
|b 63413507
|c 20150604
|
| 801 |
|
2 |
|a RU
|b 63413507
|c 20151016
|g RCR
|
| 900 |
|
|
|a Теория электрических цепей
|
| 942 |
|
|
|c BK
|
| 951 |
|
|
|l 8
|
| 959 |
|
|
|a 81/20150604
|d 3
|e 550,00
|f ЧЗТЛ:1
|f УФ:2
|